| 000 | 01829nam a2200409 a 4500 | ||
|---|---|---|---|
| 001 | ebr10528281 | ||
| 003 | CaPaEBR | ||
| 006 | m u | ||
| 007 | cr cn||||||||| | ||
| 008 | 110110s2011 ilu sb 001 0deng d | ||
| 010 | _z 2010054551 | ||
| 020 | _z9780809330539 (cloth alk. paper) | ||
| 020 | _z0809330539 (cloth alk. paper) | ||
| 020 | _z9780809390700 (e-book) | ||
| 040 |
_aCaPaEBR _cCaPaEBR |
||
| 035 | _a(OCoLC)775360896 | ||
| 043 | _an-us--- | ||
| 050 | 1 | 4 |
_aE457 _b.B954 2011eb |
| 082 | 0 | 4 |
_a973.7092 _222 |
| 100 | 1 |
_aBurlingame, Michael, _d1941- |
|
| 245 | 1 | 0 |
_aLincoln and the Civil War _h[electronic resource] / _cMichael Burlingame. |
| 260 |
_aCarbondale : _bSouthern Illinois University Press, _c2011. |
||
| 300 | _a165 p. | ||
| 490 | 1 | _aConcise Lincoln library | |
| 504 | _aIncludes bibliographical references and index. | ||
| 505 | 0 | _aThe election of 1860 and southern secession -- From election to inauguration -- The Fort Sumter crisis -- The war begins -- Stalemate -- War in earnest -- Dealing with slavery -- Winter of discontent -- The tide turns -- Reelection -- Endgame. | |
| 533 |
_aElectronic reproduction. _bPalo Alto, Calif. : _cebrary, _d2013. _nAvailable via World Wide Web. _nAccess may be limited to ebrary affiliated libraries. |
||
| 600 | 1 | 0 |
_aLincoln, Abraham, _d1809-1865. |
| 600 | 1 | 0 |
_aLincoln, Abraham, _d1809-1865 _xMilitary leadership. |
| 650 | 0 |
_aPresidents _zUnited States _vBiography. |
|
| 651 | 0 |
_aUnited States _xHistory _yCivil War, 1861-1865. |
|
| 651 | 0 |
_aUnited States _xPolitics and government _y1861-1865. |
|
| 655 | 7 |
_aElectronic books. _2local |
|
| 710 | 2 | _aebrary, Inc. | |
| 830 | 0 | _aConcise Lincoln library. | |
| 856 | 4 | 0 |
_uhttp://site.ebrary.com/lib/rucke/Doc?id=10528281 _zAn electronic book accessible through the World Wide Web; click to view |
| 999 |
_c145816 _d145816 |
||